书目信息 |
| 书名: | Sports Law | |
| 作者: | Ray Yasser,James R. McCurdy,C.Peter Goplerud. | |
| 分册号: | ||
| 分册名: | 出版地: | Cincinnati : |
|
| 出版社: | Anderson Pub.Co | |
| 出版时间: | 1994. | |
| 页数: | 595 p. ; | |
| 开本: | 29cm. | |
| 丛书名: | ||
| 中图分类号: | ||
| 科图分类号: | ||
| 其他分类号: | D971.221 | |
| 主题词: | ||
| 电子资源: | ||
| 000 | 00499nam 2200169 a 4500 | |
| 001 | E0139670742 | |
| 005 | 2001120311011043 | |
| 008 | 011203s1994 00010 eng | |
| 020 | @a0-87084-799-6 :@cRMB 12.00. | |
| 040 | @aPFT@beng | |
| 090 | @aD971.221 | |
| 099 | @dD971.221@eY11 | |
| 245 | @aSports Law :@bCases and Materials / @cRay Yasser,James R. McCurdy,C.Peter Goplerud. | |
| 250 | @a2nd.ed. | |
| 260 | @aCincinnati :@bAnderson Pub.Co.,@c1994. | |
| 300 | @a595 p. ;@c29cm. | |
| 500 | @aIncludes Index. | |
| Sports Law : : Cases and Materials / / Ray Yasser,James R. McCurdy,C.Peter Goplerud.-2nd.ed.-Cincinnati : : Anderson Pub.Co., , 1994. |
| 595 p. ; ; 29cm. |
| Includes Index. |
| ISBN 0-87084-799-6 :RMB 12.00. |
| ● |
| 相关链接 |
|
|
|
正题名:Sports Law
索取号:D971.221/Y11
 
预约/预借
| 序号 | 登录号 | 条形码 | 馆藏地/架位号 | 状态 | 备注 |
| 1 | 0415 | 300004153 | 社科库509/509社科库 53排4列5层/ [索取号:D971.221/Y11] | 在馆 |